Những vấn đề cơ bản của các lý thuyết kinh tế
Cung cấp những hiểu biết cơ bản về các lý thuyết kinh tế đã và đang tồn tại trong lịch sử, qua đó thấy được sự phát triển của khoa học kinh tế; TM tài liệu tham khảo Tr.210-211
Shranjeno v:
| Glavni avtor: | |
|---|---|
| Drugi avtorji: | |
| Format: | Knjiga |
| Jezik: | Undetermined |
| Izdano: |
Tp. Hồ Chí Minh
Tổng hợp Tp.HCM
2010
|
| Teme: | |
| Online dostop: | http://lrc.tdmu.edu.vn/opac/search/detail.asp?aID=2&ID=20681 |
| Oznake: |
Označite
Brez oznak, prvi označite!
|
| Thư viện lưu trữ: | Trung tâm Học liệu Trường Đại học Thủ Dầu Một |
|---|
| LEADER | 01038nam a2200217Ia 4500 | ||
|---|---|---|---|
| 001 | TDMU_20681 | ||
| 008 | 210410s9999 xx 000 0 und d | ||
| 082 | |a 330.1 | ||
| 090 | |b Đ312 | ||
| 100 | |a Đinh, Sơn Hùng | ||
| 245 | 0 | |a Những vấn đề cơ bản của các lý thuyết kinh tế | |
| 245 | 0 | |c Đinh Sơn Hùng, Trương Thị Hiền | |
| 260 | |a Tp. Hồ Chí Minh | ||
| 260 | |b Tổng hợp Tp.HCM | ||
| 260 | |c 2010 | ||
| 300 | |a 211tr | ||
| 520 | |a Cung cấp những hiểu biết cơ bản về các lý thuyết kinh tế đã và đang tồn tại trong lịch sử, qua đó thấy được sự phát triển của khoa học kinh tế; TM tài liệu tham khảo Tr.210-211 | ||
| 650 | |a Kinh tế |x Lý thuyết; Kinh tế học |x Nghiên cứu | ||
| 700 | |a Trương, Thị Hiền | ||
| 856 | |u http://lrc.tdmu.edu.vn/opac/search/detail.asp?aID=2&ID=20681 | ||
| 980 | |a Trung tâm Học liệu Trường Đại học Thủ Dầu Một | ||